000 00521ntaaa2200193 4500
003 01
005 20251027202030.0
008 0714s1973 ag 01
040 _aAR-BaBN
_bspa
_cAR-BaBN
_eaacr
_dRIC
082 _a249.0000 C16
100 _aCanclini, Santiago
_91475
245 _aOración que nos enseñaron nuestros padres
250 _a1 ed.
260 _aBuenos Aires :
_bJunta de Publicaciones,
_c1946
300 _a98 p
500 _aMeditaciones sobre el padre nuestro
650 _aoración
_91331
942 _cBK
999 _c15106
_d15106